Výkonnosť slovenského poľnohospodárstva v EÚ
Pozícia slovenského poľnohospodárstva v národnom hospodárstve a v EÚ. Faktory svetového agrárneho trhu a ich dopad na poľnohospodárstva SR. Výkonnosť a náklady v poľnohospodárstve - faktory konkurenčnej schopnosti. Konkurenčná schopnosť poľnohospodárskych podnikov. Pozície slovenských poľnohospodárs...
Salvato in:
| Autore principale: | |
|---|---|
| Natura: | Capitolo di libro |
| Lingua: | slovacco |
| Soggetti: | |
| Tags: |
Nessun Tag, puoi essere il primo ad aggiungerne!!
|
MARC
| LEADER | 00000naa$a2200000$$$4500 | ||
|---|---|---|---|
| 001 | 0128343 | ||
| 005 | 20240502072451.5 | ||
| 041 | 0 | |a slo | |
| 044 | |a SK | ||
| 245 | 1 | 0 | |a Výkonnosť slovenského poľnohospodárstva v EÚ |c Miroslav Grznár |
| 520 | |a Pozícia slovenského poľnohospodárstva v národnom hospodárstve a v EÚ. Faktory svetového agrárneho trhu a ich dopad na poľnohospodárstva SR. Výkonnosť a náklady v poľnohospodárstve - faktory konkurenčnej schopnosti. Konkurenčná schopnosť poľnohospodárskych podnikov. Pozície slovenských poľnohospodárskych podnikov v EÚ. Disparita prosperity slovenských poľnohospodárskych podnikov. | ||
| 610 | 2 | 0 | |a poľnohospodárstvo |
| 610 | 2 | 0 | |a podnik poľnohospodársky |
| 610 | 2 | 0 | |a výkonnosť |
| 610 | 2 | 0 | |a výkony podnikové |
| 610 | 2 | 0 | |a produktivita |
| 610 | 2 | 0 | |a konkurencieschopnosť |
| 610 | 2 | 0 | |a Slovensko |
| 610 | 2 | 0 | |a Európska únia |
| 100 | 1 | |a Grznár, Miroslav | |